000 03054aam a2200313 i 4500
999 _c45108
_d45108
001 768714001
003 CO-MdBIC
005 20190527154911.0
008 190522t2011 -us |||| |||| 00| 0 eng d
020 _a9780878085323
040 _aCO-MdFUSB
_bspa
_cCO-MdFUSB
_dCO-MdFUSBC
_erda
041 _aeng
082 0 4 _a26
_2261
_bG562
245 1 0 _aGlobal mission : reflections and case studies in contextualization for the whole church.
_c/ Editado por Rose Dowsett
264 1 _aPasadena, California :
_bWilliam Carey Library,
_c[2011]
264 4 _c© 2011
300 _a277 páginas
_c; 26 cm
336 _atexto
_btxt
_2rdacontent
337 _2rdamedia
_asin mediación
_bn
338 _2rdacarrier
_avolumen
_bnc
490 _aGlobalization of mission
505 _aParte I. Reflexiones y fundamentos. -- Introducción: la fe del arco iris / Rose Dowsett. -- Una teología bíblica de la contextualización / Ronaldo Lidório. -- Mirar, aprender y vivir / Paul Woods. -- Contextualización, indigenización y sincretismo / Rick Brown. --- Exégesis contextual / Matthew Cook. -- ¿Una empresa necesariamente cautelosa? / Mark Young. -- El multiculturalismo y la iglesia / Paul Coulter .-- Tesoros pero no ídolos / Miriam Adeney. -- Prácticas fructíferas en la contextualización / Bob Fish y Gene Daniels. -- Aprendiendo lecciones de un líder de la iglesia asiática / Warren Beattie. -- La contextualización en el trabajo. -- Un viaje personal / Chua How Chuang. -- Reflexiones personales sobre la contextualización / Jim Chew. -- La transformación de la sociedad / Adama Diouf, traducido por J. Bornman. -- Hacia una teología contextual del Espíritu Santo / Ruth Julian. --Un servicio conmemorativo cristiano coreano / David Tai Woong Lee. -- Guatemala, un estudio de caso / Hector Pivaral. -- La iglesia peregrina necesita un nuevo hogar / Richard Tiplady. -- Teología, contexto y la iglesia filipina / Melba Padilla Maggay. -- ¿Pueden los palillos convertirse en vigas de techo? / Nadine Woods. -- Una celebración navideña camboyana / Yuzo Imamura. -- Maupay y el shalom bíblico / Arhena Gorospe. -- Nuevas caras de la iglesia en la India / Paul Joshua Bhakiaraj. -- Contextualización para la mayoría de la India / Robin y Steve Smith. -- El Evangelio y la práctica de la hospitalidad / Parque Joong-Sik. -- ¿Cómo no podemos cantar para el Señor? / Isaiah Dau. -- Los creyentes en Jesús como paradigma para una teología pluralista responsable / Jonas Jørgansen. -- Contexting C5 contextualización / Un hermano cristiano. -- Misionología en el cine / Les Taylor. -- Los ritos de la muerte de Yanomamö / Michael Dawson. -- Una discusión sobre temas de contextualización para el personal que trabaja entre los pueblos musulmanes / Una Agencia Internacional. -- Observaciones finales. -- Postscript / Rose Dowset.
563 _aRústico
650 7 _9388
_aReligión y cultura
650 7 _9405
_aSociología cristiana
700 _91958
_aDowsett, Rose,
_eeditor
942 _cBK
945 _aJTF-925
_bAEM-53